000 01036naa a2200217 i 4500
001 BPP
003 BPK
005 20160408085237.0
008 141010s1987 pl f |100 0 pol
040 _cBPK
080 _a628.3.034.2
100 _aPIECUCH, Tadeusz.
_d1987 - 1996.
_bWyższa Szkoła Inżynierska w Koszalinie - Wydział Inżynierii Lądowej i Sanitarnej,
_cZakład Technologii Ścieków i Utylizacji Odpadów Przemysłowych
245 _aBadania i opracowanie technologii odzysku węglika krzemu ze ścieków poprodukcyjnych Fabryki Materiałów i Wyrobów Ściernych KORUND w Kole /
_cTadeusz Piecuch, W. Radzikowski, A. Świech.
260 _c1987.
500 _aDane z bibliografii załącznikowej.
650 0 _aŚcieki przemysłowe.
650 0 _aKrzem - związki.
655 0 _aMateriały konferencyjne.
711 _aOgólnopolska Konferencja Naukowa nt. Kompleksowe i szczegółowe problemy inżynierii środowiska
_n(2 ;
_d1987 ;
_cCzęstochowa - Ustronie Morskie, Polska).
942 _cART
_2UKD
999 _c896
_d896